000 00860nam a22002057a 4500
003 BUBTL
008 211209b ||||| |||| 00| 0 eng d
020 _a9841800376
082 _a891.44/ V669b/ 2007
100 _94459
_aঈশ্বরচন্দ্র বিদ্যাসাগর
245 _aবেতালপঞ্চবিংশতি /
_cঈশ্বরচন্দ্র বিদ্যাসাগর
250 _a1st Edn.
260 _aঢাকা :
_bবিশ্বসাহিত্য কেন্দ্র,
_cc2007
300 _a112 p. :
_c22 cm.
505 _aবেতালপঞ্চবিংশতি, ঈশ্বরচন্দ্র বিদ্যাসাগর
650 0 _91687
_aবাংলা সাহিত্য
856 _k0
_l0
_yDownload
942 _2ddc
_cBK
999 _c6609
_d6609